Quizzes
Events
Quiz Creation
Community
Videos
Private Events
Remove Ads
Sign In
Join for FREE
Feedback
Dark Mode
Quiz Categories
Sports
Geography
Music
Movies
Television
Just For Fun
Miscellaneous
History
Literature
Language
Science
Gaming
Entertainment
Religion
Holiday
For Kids
Quiz Lab
Recent
Popular Today
Quiz Kudos Today
Editor Picks
Curator Picks
Quizzes by...
Day
Popularity
Type
Ratings
Length
Year
Community
Subscriptions
Recent Discussions
Orange Saloon
Badges
Playlists
Quests
Create
Leaderboards
Showdown
Live 5
Trivia Bingo
Activity
Puzzle Library
Sporcle Events
Private Events
Virtual Trivia
Globe League
Become a Host
Pub Owners
SporcleCon
Opinionation
Our Games
Videos
Blog
Mobile Apps
Partnerships
Remove Ads and Go Orange
Feedback
Sports
Athletes
MLB
NBA
NHL
NFL
Soccer
Sports Teams
WWE
NCAA
Football
Premier League
Basketball
Baseball
Hockey
Golf
Tennis
Cricket
Rugby
Auto Racing
Olympics
World Cup
Sports
Athletes
MLB
NBA
NHL
NFL
Soccer
Sports Teams
WWE
NCAA
Football
Premier League
Basketball
Baseball
Hockey
Golf
Tennis
Cricket
Rugby
Auto Racing
Olympics
World Cup
Random Quiz
Search Sporcle
×
Quiz Lab
Quiz Lab
Sports
NHL
Type in answers that appear in a list
Type in answers that appear in a list
Classic
Best Score? Go Orange.
Ultimate NHL Stat Quiz 2010-11 Stats
Can you name the Ultimate NHL Stat Quiz 2010-11?
By
Ryyankee1313
12m
132 Questions
263 Plays
263 Plays
263 Plays
Comments
Comments
Give Quiz Kudos
Give Quiz Kudos
-
- Ratings
hide this ad
Replay
Link that replays current quiz
Next Quiz
Link to next quiz in quiz playlist
You Got
0%
They Got
Avg Score
60%
Avg Friend Score
Upgrade to see
Score Distribution
Jump to the score distribution portion of the page
Score
0/132
Timer
12:00
0
Plays Today
Stat
Player/Team
% Correct
Goals
Corey Perry
99.2%
Points
Corey Perry
99.2%
GW
Corey Perry
99.2%
Even Strength Points
Corey Perry
99.2%
Assists
Henrik Sedin
98.5%
Assists
Daniel Sedin
98.5%
Points
Daniel Sedin
98.5%
PP
Daniel Sedin
98.5%
GW
Daniel Sedin
98.5%
Even Strength Points
Daniel Sedin
98.5%
Avg. Points/
G
Daniel Sedin
98.5%
Missed Shots
Eric Staal/Steven Stamkos
98.5%
Goals
Steven Stamkos
98.1%
PP
Steven Stamkos
98.1%
Home Points
Steven Stamkos
98.1%
Assists
Martin St. Louis
95.4%
Points
Martin St. Louis
95.4%
Home Points
Martin St. Louis
95.4%
Avg. Points/
G
Martin St. Louis
95.4%
Goals
Jarome Iginla
94.3%
GW
Alex Ovechkin
93.1%
Shots
Alex Ovechkin
93.1%
Even Strength Points
Alex Ovechkin
93.1%
Missed Shots
Alex Ovechkin
93.1%
Faceoffs Won
Jonathan Toews
92.3%
Road +/
-
Jonathan Toews
92.3%
Takeaways
Jonathan Toews
92.3%
Faceoffs Lost
Eric Staal
84.3%
Goalie Assists
Tim Thomas/Roberto Luongo/Cory Schneider
83.9%
Goalie Wins
Roberto Luongo
81.6%
Goalie Wins
Carey Price
81.6%
GAA
Roberto Luongo
81.6%
Shutouts
Carey Price
81.6%
Goalie PIM
Carey Price
81.6%
Goalie Losses
Carey Price
81.6%
GAA
Tim Thomas
80.5%
Save %
Tim Thomas
80.5%
Shutouts
Tim Thomas
80.5%
Goalie PIM
Tim Thomas
80.5%
TOI/
G
Duncan Keith
78.5%
Goalie Wins
Cam Ward/Mikka Kiprusoff/Jimmy Howard
78.5%
Avg. Points/
G
Sidney Crosby
77.4%
Shooting %
Sidney Crosby
77.4%
Team Wins
Vancouver Canucks
75.1%
Stat
Player/Team
% Correct
Team Goals/
G
Vancouver Canucks
75.1%
Team Goals Against/
G
Vancouver Canucks
75.1%
Team PP%
Vancouver Canucks
75.1%
Giveaways
Ilya Kovalchuk
74.7%
GAA
Pekka Rinne
74.3%
Save %
Pekka Rinne
74.3%
Giveaways
Joe Thornton
73.6%
Takeaways
Joe Thornton
73.6%
Shutouts
Henrik Lundqvist
73.2%
Goalie Assists
Henrik Lundqvist
73.2%
Team Shootout Wins
Los Angeles Kings
73.2%
Faceoffs Won
Ryan Kesler
72.8%
Goalie Shootout Wins
Jonathan Quick
72.8%
Team Goals Against/
G
Boston Bruins
72.4%
Team Wins
Washington Capitals/San Jose Sharks
71.6%
Goalie OT Losses
Cam Ward
70.5%
Team Losses
Edmonton Oilers
70.1%
Goalie Shootout Wins
Marc-Andre Fleury
69.7%
Team Losses
Ottawa Senators/Florida Panthers
66.7%
Team Wins
Pittsburgh Penguins
66.3%
Team Shootout Wins
Pittsburgh Penguins
66.3%
PIM
Chris Neil
65.1%
Misconducts
Chris Neil
65.1%
Home Points
Patrick Marleau
64.8%
Goalie Shootout Wins
Mikka Kiprusoff
64.4%
Team Goals/
G
Detroit Red Wings
63.6%
Shots
Jeff Carter
63.2%
PP
Teemu Selanne
62.5%
Shifts/
Game
Brent Burns
60.9%
Save %
Cory Schneider
60.2%
Team PP%
San Jose Sharks
60.2%
TOI/
G
Dan Boyle
59.8%
Goalie Assists
Kari Lehtonen
59.4%
Goalie OT Losses
Kari Lehtonen
59.4%
Hits
Cal Clutterbuck
54.8%
Team OTL
New York Islanders
54.4%
Hits
Dustin Brown
53.3%
Faceoffs Lost
Tomas Plekanec
52.1%
Team Goals Against/
G
Nashville Predators
51.7%
Team PP%
Anaheim Ducks
51.7%
Team OTL
Phoenix Coyotes
51.3%
Team Goals/
G
Philadelphia Flyers
51%
Team OTL
Columbus Blue Jackets
50.6%
Team Losses
Colorado Avalanche
48.7%
Stat
Player/Team
% Correct
Shifts/
Game
Dion Phaneuf
48.3%
Shots
Dustin Byfuglien
47.1%
Missed Shots
Dustin Byfuglien
47.1%
Takeaways
Dustin Byfuglien
47.1%
Goalie OT Losses
Ilya Bryzgalov
46.4%
Goalie PIM
Rick DiPietro
46%
TOI/
G
Jay Bouwmeester
44.4%
Blocked Shots
Mark Giordano
44.4%
Goalie Losses
Tomas Vokoun
42.1%
SH
Michael Grabner
40.6%
Major Penalties
George Parros
39.8%
Minor Penalties
P.K. Subban
36.4%
Goalie Losses
Nikolai Khabibulin
34.9%
PIM
Zenon Konopka
34.1%
SH
Brad Marchand/Brandon Prust
34.1%
Major Penalties
Zenon Konopka
34.1%
Misconducts
Zenon Konopka
34.1%
Minor Penalties
Steve Ott
33.3%
Blocked Shots
Dan Girardi
31.4%
FO%
Manny Malhotra
28.4%
Home +/
-
David Backes
28%
Road +/
-
Logan Couture
24.1%
SH
Frans Nielsen
23.8%
Shootout Goals
Alex Tanguay
22.2%
Hits
Tuomo Ruutu
21.5%
Major Penalties
Jared Boll
21.1%
Faceoffs Won
Antoine Vermette
20.3%
Home +/
-
Nathan Horton
17.2%
Shootout Goals
Radim Vrbata
17.2%
FO%
David Steckel
16.9%
Faceoffs Lost
Brandon Sutter
16.5%
Giveaways
Luke Schenn
14.2%
Misconducts
Steve Downie
13.8%
FO%
Paul Gaustad
12.3%
Shootout Goals
Jarret Stoll
11.9%
Shooting %
Sergei Kostitsyn
11.5%
Home +/
-
Toni Lydman
10%
Blocked Shots
Greg Zanon
8.4%
PIM
Theo Peckham
8%
Minor Penalties
Theo Peckham
8%
Shifts/
Game
Tom Gilbert
7.7%
Team Shootout Wins
New York Rangers
7.7%
Road +/
-
Andrej Meszaros
6.1%
Shooting %
Lauri Korpikoski
4.6%
Quiz Playlist
Details
Report
Send in Message
Add To Playlist
Classic:
Type in answers that appear in a list
Last Updated: Feb 16, 2017
Quiz Scoreboard
CHALLENGE
Sign Up to Join the Scoreboard
Show All
Scores
Hide
Comments
May contain spoilers
Recently Published
Billboard Blitz: Fleetwood Mac
by CooCooCachoo
Music
15s
Presidents Visiting Landmarks
by Hejman
History
7m
An Introduction to Baseball
by treessimontrees
Sports
5m
More to Explore
Quiz From the Vault
Featured Blog Post
Where Did the Easter Bunny Come From?
hide this ad
You Might Also Like...
Tags
Hockey Quiz
NHL Quiz
2010-2011
goals-assists-point
goals-assists-pt
Goal Scorers
Goal Seasons
Goals Leaders
team
Today's Top Quizzes in Sports
Browse Sports
hide this ad
Today's Top Quizzes in NHL
Browse NHL
Top Contributed Quizzes in Sports
1
Les meilleurs buteurs des matchs entre le PSG et l’OM
2
2022 World Cup Stars
3
FIFA Club World Cup Champions
4
Les entraîneurs de l'OM et du PSG au 21e siècle
5
Criteria MLB: Left Handed Sluggers
6
Name the Premier League winners with different clubs
7
5-to-1: UK Sports Teams
8
AFC Teams Reveal (Wrong Answers Minefield)
9
Players with Multiple 50 Home Run Seasons
10
5-to-1: FBS Animal Nicknames
Explore More
Trending Topics
NBA
Marvel
Disney
Harry Potter
Crossword
Kpop
Anime
Pokémon
Song
WWE
The Office
Country
Puzzle
NFL
Soccer
hide this ad
More By:
Ryyankee1313
Quiz
Plays
Rating
Category
Featured
Created
Ultimate NHL Stat Quiz 2010-11
263
5.00
Sports
Aug 23, 2011
2009-10 NHL Individual Category Leaders
225
1.25
Sports
Apr 20, 2010
Go to Creator's Profile
Score Distribution
Quiz Creator Spotlight
Ryyankee1313
Follow
Send a Message
Quizzes Created
-
Created Quiz Play Count
-
More By This Creator
Popular Quizzes Today
1
Find the US States - No Outlines Minefield
2
Find the Countries of Europe - No Outlines Minefield
3
The Countries of the World
4
Find the US States
5
US States
6
Risky Map Clicking: Biggest States A-Z
7
Popular People in 1961
8
Movies - When Are They Set?
More Sports Quizzes
Geography with Tom Brady
Quiz Lab
Trending Quizzes
Risky Map Clicking: Least Populous States A-Z
1-10 Letter G Words
1-10 Letter F Words
Risky Map Clicking: Next State Alphabetically
Risky Map Clicking: Biggest States A-Z
Recently Updated
Leaping Animals
pecheneg
Reality TV Shows (A-Z)
bhenderson79
Rickey Henderson's Hall of Fame Teammates
pecheneg
Champions League XIs: Arsenal
pecheneg
Quick Pick: Celebrities in WWE's Hall of Fame
aduchscher
A-Z Keypad Blitz II
pecheneg
Multiple Oscar Actors
pecheneg
Mystery Phrase Blitz: Oscar 'Best Actors'
pecheneg
F. Scott Fitzgerald Novels
LTH
Pick 3 Villains
ddd62291
Trending Topics
Kpop
Crossword
Marvel
Harry Potter
Disney
NBA
Anime
NFL
Puzzle
Country
Soccer
Pokémon
Song
WWE
The Office
Your Account Isn't Verified!
In order to create a playlist on Sporcle, you need to verify the email address you used during registration. Go to your
Sporcle Settings
to finish the process.
Report this User
Report this user for behavior that violates our
Community Guidelines
.
Details:
Send Report
Go to the Sporcle.com Mobile Site →
Comments